| 000 | 00417nam a2200181Ia 4500 | ||
|---|---|---|---|
| 001 | 23734 | ||
| 005 | 20260414150957.0 | ||
| 008 | 260414t2011||||xx |||||||||||||| ||spa|| | ||
| 041 | _aESP | ||
| 082 |
_a700.9 _bD281 |
||
| 100 |
_aDuby, Georges _eAUT |
||
| 245 | 0 |
_aArte y sociedad en la edad media _b |
|
| 260 | _c2011 | ||
| 300 |
_a157 p _c21 cm. |
||
| 650 | _aABD | ||
| 654 | _aCAU | ||
| 942 |
_cLIB _dJUS _fJUS _2ddc _n |
||
| 999 |
_c23734 _d23734 |
||